Política de investigación y desarrollo tecnológico
Sparad:
| Materialtyp: | Bok |
|---|---|
| Språk: | spanska |
| Publicerad: |
Luxemburgo
Oficina de Publicaciones Oficiales de las Comunidades Europeas
1987
|
| Serie: | Serie Documentación Europa
|
| Ämnen: | |
| Taggar: |
Lägg till en tagg
Inga taggar, Lägg till första taggen!
|
MARC
| LEADER | 00000nam a2200000 a 4500 | ||
|---|---|---|---|
| 001 | UCX4555 | ||
| 003 | CL-VaPUC | ||
| 008 | 920610e19870000LU |||||||||||||||||spa|d | ||
| 082 | 0 | 4 | |a 382.914 |b POL |2 21 |
| 245 | 1 | 0 | |a Política de investigación y desarrollo tecnológico |
| 300 | |a 74 p | ||
| 942 | |c BK | ||
| 945 | |d 19920610 00:00:00 | ||
| 260 | |a Luxemburgo |b Oficina de Publicaciones Oficiales de las Comunidades Europeas |c 1987 | ||
| 650 | 7 | |a COMUNIDAD ECONOMICA EUROPEA |2 CL-VaPUC |9 257970 | |
| 650 | 0 | |a Investigación científica |9 259857 | |
| 583 | |a last modification |c 19920610 00:00:00 |k Rodrigo Vera | ||
| 490 | 0 | |a Serie Documentación Europa | |
| 999 | |c 224989 |d 224987 | ||
| 952 | |0 0 |1 0 |4 0 |6 382_914000000000000_POL_1987 |7 0 |8 A |9 222123 |a BIBENE |b BIBENE |d 2019-11-15 |i 2909693 |o 382.914 POL 1987 |p 2909693 |r 2025-01-15 |w 2019-11-15 |y BK |k ICO | ||